[Event "BRA-ch U26"]
[Site "Cuiaba"]
[Date "2016.11.04"]
[Round "3"]
[White "Santos, Aldair Batista"]
[Black "Da Silva, Paulo Franca Galvao"]
[Result "1-0"]
[WhiteElo "1863"]
[BlackElo "1736"]
[PlyCount "53"]
[EventDate "2016.11.03"]
[EventType "swiss"]
[EventRounds "7"]
[EventCountry "BRA"]
[SourceTitle "CBM 175 Extra"]
[Source "ChessBase"]
[SourceDate "2016.12.12"]
[SourceVersion "1"]
[SourceVersionDate "2016.12.12"]
[SourceQuality "1"]

1. e4 e5 2. Nf3 Nc6 3. Bc4 Bc5 4. c3 Nf6 5. Qe2 d6 6. h3 0-0 7. 0-0 Na5 8. Bd3 Nc6 9. a4 a6 10. b4 Ba7 11. Bb2 Ne7 12. Bc2 h6 13. d4 Ng6 14. Rd1 Nh7 15. dxe5 Nxe5 16. Nxe5 Qe7 17. Nf3 Re8 18. c4 Ng5 19. Nxg5 Qxg5 20. Qf3 Be6 21. Bb3 Re7 22. Bd4 c5 23. Be3 Qe5 24. Nd2 f5 25. Bf4 Qf6 26. Bxd6 Rd7 27. e5 1-0